Statistiques concernant Meilleurs pays en aviron par Jeux Olympiques

Cliquez ici pour prendre le quiz!

Statistiques générales

  • Ce quiz a été pris 68 fois
  • Le résultat moyen est 70 sur 83

Statistiques - réponses

JeuxPaysNombre de Médailles% Correct
Paris 1900France6
100%
France2
100%
Allemagne2
98%
Barcelone 1992Allemagne10
98%
Allemagne3
98%
Allemagne3
98%
Allemagne3
98%
Allemagne3
98%
Allemagne4
98%
Allemagne6
98%
Allemagne4
98%
Berlin 1936Allemagne7
98%
Allemagne de l'Ouest2
98%
Équipe Unifiée d'Allemagne4
98%
Rome 1960Équipe unifiée d'Allemagne4
98%
Tokyo 1964États Unis4
98%
États Unis2
98%
Melbourne 1956États Unis6
98%
États Unis8
98%
États Unis3
98%
États Unis2
98%
Helsinki 1952États Unis3
98%
Paris 1924États Unis5
98%
États Unis1
98%
Saint Louis 1904États Unis13
98%
Los Angeles 1932États Unis4
98%
Amsterdam 1928États Unis5
98%
Anvers 1920États Unis4
98%
Grande Bretagne2
97%
Londres 1908Grande Bretagne8
97%
Pékin 2008Grande Bretagne6
97%
Rio 2016Grande Bretagne5
97%
Stockholm 1912Grande Bretagne4
97%
Grande Bretagne2
97%
Londres 1948Grande Bretagne3
97%
Grande Bretagne2
97%
Londres 2012Grande Bretagne9
97%
Royaume Uni4
97%
Royaume Uni3
97%
Royaume Uni4
97%
Italie2
95%
Italie2
95%
Canada2
88%
Canada1
88%
Canada3
88%
Canada4
88%
Canada6
88%
Canada5
88%
Australie4
83%
Atlanta 1996Australie6
83%
Australie3
83%
Union Soviétique4
80%
Union Soviétique12
80%
Union Soviétique9
80%
Union Soviétique2
80%
Union Soviétique3
80%
Union Soviétique5
80%
Union Soviétique2
80%
Pays Bas5
72%
Pays Bas3
72%
Nouvelle Zélande2
68%
Nouvelle Zélande5
68%
Nouvelle Zélande3
68%
Tokyo 2020Nouvelle Zélande5
68%
Suisse2
68%
Suisse5
68%
Suisse2
68%
Danemark4
67%
Danemark2
67%
Belgique1
65%
Roumanie7
62%
Sydney 2000Roumanie3
62%
Roumanie2
62%
Roumanie3
62%
Los Angeles 1984Roumanie8
62%
Roumanie7
62%
Athènes 2004Roumanie3
62%
Bulgarie3
55%
Munich 1972Allemagne de l'Est7
45%
Séoul 1988Allemagne de l'Est10
45%
Montréal 1976Allemagne de l'Est14
45%
Mocou 1980Allemagne de l'Est14
45%
Mexico 1968Allemagne de l'Est3
45%

Distribution des résultats

Percentile par nombre de réponses

% des personnes avec chaque résultat

Votre développement - résultats

Vous n’avez pas pris ce quiz